\N (Record no. 131561)

MARC details
000 -LEADER
fixed length control field 00359nam a2200145Ia 4500
008 - FIXED-LENGTH DATA ELEMENTS--GENERAL INFORMATION
fixed length control field 211122s9999||||xx |||||||||||||| ||und||
082 ## - DEWEY DECIMAL CLASSIFICATION NUMBER
Classification number 158.1
100 ## - MAIN ENTRY--PERSONAL NAME
Personal name Fuster, J M
245 #0 - TITLE STATEMENT
Title \N
260 ## - PUBLICATION, DISTRIBUTION, ETC.
Name of publisher, distributor, etc. St Paul Publications
Place of publication, distribution, etc. Bombay
Date of publication, distribution, etc. 1969
300 ## - PHYSICAL DESCRIPTION
Extent 178p.
630 ## - SUBJECT ADDED ENTRY--UNIFORM TITLE
General subdivision General Stack
650 ## - SUBJECT ADDED ENTRY--TOPICAL TERM
Topical term or geographic name entry element philosophy
942 ## - ADDED ENTRY ELEMENTS (KOHA)
Koha item type BOOK
650 ## - SUBJECT ADDED ENTRY--TOPICAL TERM
Form subdivision applied psychologyGeneralia
Holdings
Withdrawn status Lost status Source of classification or shelving scheme Damaged status Not for loan Home library Current library Date acquired Cost, normal purchase price Full call number Barcode Shelving location Date last seen Price effective from Koha item type
    Dewey Decimal Classification     SB LIBRARY SB LIBRARY 22/11/2021 100.00 158.1 FUS-H 00113856 GENERAL STACK 22/11/2021 22/11/2021 BOOK

Powered by Koha